000
00295nam a2200097 a 4500
005
20200930065840.0
008
110726s2004 000 spa d
245
0
_a
The incidence of The United States sugar legislation on the dominican sugar industry and,...
260
_c
[s.f.].
999
_c
32301
_d
32301
040
_a
DO-SdBNP